Elementary mathematical ecology

Αποθηκεύτηκε σε:
Λεπτομέρειες βιβλιογραφικής εγγραφής
Κύριος συγγραφέας: Vandermeer, John
Μορφή: Βιβλίο
Γλώσσα:English
Δημοσίευση: New York : John Wiley and Sons, c1981
Θέματα:
Ετικέτες: Προσθήκη ετικέτας
Δεν υπάρχουν, Καταχωρήστε ετικέτα πρώτοι!

MARC

LEADER 00000nam a2200000 i 4500
001 1/65092
008 931005s1981 eng d
020 |a 0-471-08131-0 
035 |a ΛΕΣΒΟΣb10001497  |l 10001497 
040 |a GR-MY-UA  |b gre  |e aacr 
041 0 |a eng 
082 0 |a 547.50151 
100 1 |a Vandermeer, John. 
245 1 0 |a Elementary mathematical ecology /  |c John Vandermeer 
260 |a New York :   |b John Wiley and Sons,   |c c1981 
300 |a 282 p.  |b fig. 
504 |a Includes bibliographical references and index 
650 0 0 |a Ecology  |x Mathematics. 
852 |a INST  |b LESVOS  |e 19931005  |h 574.50151 VAN  |p 005100005792  |q 005100005792  |t BK  |y 0 
909 |a Λ  |b 010477